000 00535nam a2200157 i 4500
001 43503
003 ES-MaACL
005 20230906160820.0
007 t|
008 030318s1873 sp ||||1| spa d
100 1 _aCastro Pulido, José de.
_936951
245 1 0 _aMemoria... acerca del Instituto Provincial de León durante el curso de 1872 a 1873 /
_cJosé de Castro y Pulido.
260 _aLeón :
_b[s.n.],
_c1873.
610 2 4 _aInstituto Provincial de Segunda Enseñanza de León-
_vMemorias.
_9170650
852 4 _aES-MaACL
_jT-152-F-9
999 _c43503
_d43503